000 00478nam a22001817a 4500
003 CEME
005 20210628205717.0
008 210316b xxu||||| |||| 00| 0 eng d
020 _a3-631-46716-8
040 _c.
082 _a519.72 GDA
100 _aGdalevitch, Semen
_976771
245 _aPractical applications of linear programming duality
260 _aNEWYORK
_bPETER LANG
_c1994
300 _a181P
650 _aLINEAR PROGRAMMING DUALITY
_976772
942 _cBK
_2ddc
999 _c582103
_d582103